| 000 | 01839cam a2200241 4500 | ||
|---|---|---|---|
| 001 | ABS64082 | ||
| 008 | 000000n2001 000 0 eng u | ||
| 035 | _a(Sirsi) u113459 | ||
| 245 | _aChiemgauer Membran Und Zeltbau GmbH v New Millennium Experience Company Ltd | ||
| 260 | _c2001 | ||
| 490 |
_aConstruction Industry Law Letter _v[2001] CILL 1741-1744(4) |
||
| 520 | _aChD 15 December 2000. The claimant (C) entered into a contract with the defendant (N) to roof the Millennium Dome, which included a clause allowing N to terminate it without cause as was done on in August 1997. After filing for bankruptcy in 1998 C commended proceedings against N, with summary judgement given against N on appeal. In this action, brought in accordance with CPR 24, C contended that the phrase 'direct loss and/or damage', which appeared in the contract, included loss of profit and that, in its assessment of damages, the court should assume that the C would have been able to fulfil its duties under the contract. "Held": The C was entitled to recover loss of profit and the court should apply the normal rule derived from repudiation cases and assume that C would have been able to perform the contract according to its terms. The only potential exception to this approach would have been if N could have shown that it was inevitable C could not have performed the contract correctly at the date of the acceptance of the repudiation. | ||
| 590 | _aABS | ||
| 650 | _aBUILT ENVIRONMENT-BUILDING CONTRACT FORMS | ||
| 650 | _aDIRECT LOSS AND/OR EXPENSE | ||
| 650 | _aLOSS OF PROFITS | ||
| 650 | _aREPUDIATION | ||
| 650 | _aREPUDIATION OF CONTRACT | ||
| 650 | _aTERMINATION OF CONTRACT | ||
| 650 | _aCHIEMGAUER MEMBRAN UND ZELTBAU GMBH (KOCH) V NEW MILLENNIUM EXPERIENCE CO | ||
| 690 | _aBUILDING AND CONSTRUCTION-CASE LAW | ||
| 942 | _n0 | ||
| 999 |
_c67596 _d67596 |
||